000 01137cad a22002535a 4500
001 L158103
008 090614s2014 xxkd f s 000 0 eng d
035 _a(Sirsi) u158103
041 0 _aeng
110 2 _aKnight Frank
_91530
245 0 4 _aThe wealth report 2014
_h[electronic resource]
260 _aLondon
_bKnight Frank
_c2014
520 _aReports on the Knight Frank Prime International Residential Index (PIRI) and results of the Attitudes Survey of over 23, 000 Ultra High Net Worth Individuals (UHNWIs) who held a portfolio in the prime residential market in 2014. Examines international commercial market opportunities. Databank presents statistical results of PIRI, Global Cities, Attitudes and Luxury Opportunity Index surveys.
590 _aKA
650 2 4 _aPRIME
650 2 4 _aHOUSE PRICES
650 2 4 _aHIGH END
650 2 4 _aGLOBAL
651 4 _aInternational
690 _aResidential property
_96266
690 _aCommercial property
_96227
856 4 8 _uhttps://content.knightfrank.com/research/83/documents/en/2014-1777.pdf
_zView the item free of charge at www.knightfrank.com/wealthreport
942 _n0
999 _c115143
_d115143